[Event "London Classic Open 2016"]
[Site "London ENG"]
[Date "2016.12.13"]
[Round "6.21"]
[White "Deepan, Chakkravarthy J."]
[Black "Mirzoyan, David"]
[Result "1-0"]
[WhiteTitle "GM"]
[BlackTitle "FM"]
[WhiteElo "2471"]
[BlackElo "2299"]
[WhiteFideId "5011132"]
[BlackFideId "13308386"]
[EventDate "2016.12.09"]

1. d4 Nf6 2. Bf4 e6 3. e3 b6 4. Nf3 Bb7 5. Bd3 Bd6 6. Bg3 Ne4 7. Nbd2 Nxd2 8.
Qxd2 Bxf3 9. gxf3 Nc6 10. c3 Qf6 11. Qe2 h5 12. O-O-O Ne7 13. Rhg1 Bxg3 14. Rxg3
d5 15. f4 g6 16. Kb1 c6 17. c4 dxc4 18. Bxc4 Rd8 19. Rg5 Kf8 20. Rdg1 Nf5 21.
Bd3 Qe7 22. Rc1 Qd6 23. Qc2 Ne7 24. Qc3 Kg8 25. Be4 Rc8 26. Rcg1 Rh7 27. a3 f5
28. Bc2 Kf7 29. Bb3 c5 30. Rd1 c4 31. Bc2 Nd5 32. Qe1 c3 33. e4 Nxf4 34. d5 Kf6
35. Qe3 e5 36. Rdg1 fxe4 37. Qxe4 Rh6 38. Rf5+ Kg7 39. Rxe5 Rf8 40. bxc3 Rf7 41.
Kb2 Qc5 42. Rd1 Qb5+ 43. Bb3 Rh8 44. d6 Nd3+ 45. Rxd3 Rxf2+ 46. Kc1 Qxb3 47.
Re7+ Kf8 48. Qa8# 1-0

[Event "London Classic Open 2016"]
[Site "London ENG"]
[Date "2016.12.13"]
[Round "6.22"]
[White "Gomes, Mary Ann"]
[Black "Zhou, Yang-Fan"]
[Result "0-1"]
[WhiteTitle "WGM"]
[BlackTitle "IM"]
[WhiteElo "2302"]
[BlackElo "2470"]
[WhiteFideId "5013623"]
[BlackFideId "468584"]
[EventDate "2016.12.09"]

1. Nf3 g6 2. c4 Bg7 3. Nc3 d6 4. d4 Nd7 5. g3 e5 6. Bg2 Ne7 7. O-O O-O 8. e4
exd4 9. Nxd4 Nc6 10. Nde2 a5 11. h3 Nc5 12. Be3 a4 13. f4 Be6 14. Nd5 Bxb2 15.
Rb1 Bg7 16. Bxc5 dxc5 17. Rxb7 Na5 18. Rb1 Nxc4 19. Qc1 Bxd5 20. exd5 Nd6 21.
Qxc5 Re8 22. Nd4 Ne4 23. Bxe4 Rxe4 24. Nf3 Qd7 25. Qc6 Qxc6 26. dxc6 Re6 27.
Rfc1 Re2 28. Rb7 Rc8 29. a3 Re3 30. Kg2 Rxa3 31. Rc2 Re3 32. Ra7 a3 33. Ne5 Bxe5
34. fxe5 Kf8 35. Ra2 Ke7 36. R2xa3 Rxe5 37. Rd3 Ke8 38. Rd7 Re7 39. Rd4 Re6 40.
Ra6 Rd8 41. Rxd8+ Kxd8 42. g4 Ke7 43. Kg3 Kd6 44. Ra8 h6 45. Rf8 Rf6 46. h4 Kxc6
47. Rh8 g5 48. hxg5 hxg5 49. Rg8 Kd5 50. Rxg5+ Kd4 51. Rg8 c5 0-1

[Event "London Classic Open 2016"]
[Site "London ENG"]
[Date "2016.12.13"]
[Round "6.24"]
[White "Bartholomew, John"]
[Black "O'Toole, George E"]
[Result "1-0"]
[WhiteTitle "IM"]
[WhiteElo "2448"]
[BlackElo "2262"]
[WhiteFideId "2019353"]
[BlackFideId "412732"]
[EventDate "2016.12.09"]

1. Nf3 Nf6 2. g3 g6 3. Bg2 Bg7 4. O-O O-O 5. d4 d6 6. b3 Nbd7 7. Bb2 c5 8. c4
Rb8 9. Nc3 cxd4 10. Nxd4 Nc5 11. b4 Ne6 12. Nb3 Bd7 13. Na5 b5 14. cxb5 Bxb5 15.
Nxb5 Rxb5 16. a4 Rb6 17. Rc1 Ne8 18. Ba3 Bf6 19. Qd3 N8g7 20. Rfd1 h5 21. b5 Nf5
22. Nc6 Qd7 23. Qc4 Rb7 24. e4 Nfd4 25. Rxd4 Nxd4 26. Nxd4 Bxd4 27. Qxd4 Rc7 28.
Bf1 Rfc8 29. Rxc7 Qxc7 30. Bb4 Qc2 31. Bd2 h4 32. Bh6 f6 33. Qd5+ Kh7 34. Be3
Kg7 35. Qe6 Rc7 36. a5 1-0

[Event "London Classic Open 2016"]
[Site "London ENG"]
[Date "2016.12.13"]
[Round "6.25"]
[White "Lercel, Michal"]
[Black "Nasuta, Grzegorz"]
[Result "1/2-1/2"]
[BlackTitle "IM"]
[WhiteElo "2266"]
[BlackElo "2448"]
[WhiteFideId "1114700"]
[BlackFideId "1141686"]
[EventDate "2016.12.09"]

1. d4 Nf6 2. c4 g6 3. f3 d5 4. cxd5 Nxd5 5. e4 Nb6 6. Nc3 Bg7 7. Be3 O-O 8. Qd2
Nc6 9. O-O-O Qd6 10. Kb1 Rd8 11. Nb5 Qd7 12. d5 a6 13. Nc3 Na5 14. Bd4 Nbc4 15.
Qc1 Bxd4 16. Rxd4 b5 17. h4 e5 18. Rd1 b4 19. Bxc4 Nxc4 20. Nce2 Qb5 21. h5 c6 1/2-1/2

[Event "London Classic Open 2016"]
[Site "London ENG"]
[Date "2016.12.13"]
[Round "6.26"]
[White "Buchicchio, Giampaolo"]
[Black "Williams, Simon K"]
[Result "0-1"]
[WhiteTitle "FM"]
[BlackTitle "GM"]
[WhiteElo "2262"]
[BlackElo "2443"]
[WhiteFideId "811491"]
[BlackFideId "404454"]
[EventDate "2016.12.09"]

1. e4 g6 2. d4 Bg7 3. Nc3 d6 4. f4 Nf6 5. Nf3 O-O 6. Bc4 Nxe4 7. Nxe4 d5 8. Bd3
dxe4 9. Bxe4 c5 10. Be3 Nd7 11. dxc5 Bxb2 12. Rb1 Bc3+ 13. Nd2 Qc7 14. Rb3 Bg7
15. c6 bxc6 16. Qf3 Nf6 17. Bxc6 Bg4 18. Bxa8 Bxf3 19. Bxf3 Qxc2 20. O-O e6 21.
Nb1 Nd5 22. Bxa7 Qxa2 23. Ra3 Qb2 24. Ra4 Ra8 25. Kh1 Qb5 0-1

[Event "London Classic Open 2016"]
[Site "London ENG"]
[Date "2016.12.13"]
[Round "6.27"]
[White "Nandhidhaa, PV"]
[Black "Daulyte, Deimante"]
[Result "0-1"]
[WhiteTitle "WIM"]
[BlackTitle "IM"]
[WhiteElo "2251"]
[BlackElo "2429"]
[WhiteFideId "5050847"]
[BlackFideId "12802859"]
[EventDate "2016.12.09"]

1. e4 e5 2. Nf3 Nc6 3. Nc3 Nf6 4. Bb5 Nd4 5. Bc4 Bc5 6. Nxe5 Qe7 7. Nf3 d5 8.
Bxd5 Bg4 9. d3 O-O-O 10. Be3 Nxd5 11. Nxd5 Rxd5 12. exd5 Re8 13. h3 Bxf3 14.
gxf3 Nf5 15. O-O Bxe3 16. fxe3 Qg5+ 17. Kh1 Ng3+ 18. Kh2 Nxf1+ 19. Qxf1 Rxe3 20.
Qf2 Qe5+ 21. f4 Qe7 22. Qg1 Re2+ 23. Kh1 f5 24. d6 Qh4 25. d7+ Kd8 26. Qg5+ Qxg5
27. fxg5 Rxc2 28. Re1 Kxd7 29. Re5 g6 30. Rb5 b6 31. h4 c5 32. a4 Kc6 33. Kg1 a6
34. Rb3 Rd2 35. Kh1 Rf2 36. d4 cxd4 37. h5 gxh5 38. Rh3 Rxb2 39. Rxh5 d3 40.
Rh6+ Kc5 41. Rxh7 d2 0-1

[Event "London Classic Open 2016"]
[Site "London ENG"]
[Date "2016.12.13"]
[Round "6.28"]
[White "Flear, Glenn C"]
[Black "Hrdina, Robin"]
[Result "1-0"]
[WhiteTitle "GM"]
[WhiteElo "2428"]
[BlackElo "2120"]
[WhiteFideId "400165"]
[BlackFideId "339342"]
[EventDate "2016.12.09"]

1. d4 Nf6 2. c4 e6 3. Nf3 b6 4. e3 Bb7 5. Bd3 d5 6. O-O Bd6 7. b3 O-O 8. Nc3 a6
9. Bb2 Nbd7 10. Rc1 Qe7 11. Na4 dxc4 12. bxc4 Ne4 13. c5 bxc5 14. Ne5 Rfd8 15.
Nxd7 Rxd7 16. Qc2 f5 17. f3 Qg5 18. fxe4 fxe4 19. Bc4 Qxe3+ 20. Qf2 Qh6 21. h3
Bc6 22. Nxc5 e3 23. Qf5 e2 24. Qxe6+ Kh8 25. Qxe2 Bxc5 26. dxc5 1-0

[Event "London Classic Open 2016"]
[Site "London ENG"]
[Date "2016.12.13"]
[Round "6.29"]
[White "Handke, Florian"]
[Black "Czajkowski, Adam"]
[Result "1-0"]
[WhiteTitle "GM"]
[WhiteElo "2515"]
[BlackElo "2212"]
[WhiteFideId "4634527"]
[BlackFideId "1151932"]
[EventDate "2016.12.09"]

1. e4 c5 2. Nf3 e6 3. d4 cxd4 4. Nxd4 Nc6 5. Nc3 Qc7 6. Be3 a6 7. Qf3 Nf6 8.
O-O-O Be7 9. Be2 O-O 10. Qg3 d6 11. f4 e5 12. fxe5 Nxe5 13. Rhf1 Be6 14. Nxe6
fxe6 15. Qh3 Qc8 16. g4 Nfd7 17. g5 Rxf1 18. Rxf1 Nf8 19. Bg4 Nxg4 20. Qxg4 b5
21. Ne2 Qe8 22. h4 Rc8 23. Kb1 Rc4 24. b3 Rc7 25. h5 Bd8 26. g6 hxg6 27. hxg6
Bf6 28. Bd4 e5 29. Bb6 Rc6 30. Be3 Qxg6 31. Qf3 d5 32. Ng3 Rc3 33. Ne2 Rc6 34.
Ng3 Rc3 35. Ne2 dxe4 36. Qf2 Rc6 37. Rg1 Qh5 38. Ng3 Qf3 39. Qd2 Bh4 40. Qd5+
Re6 41. Bc5 Qf7 42. Qxe4 Bxg3 43. Rxg3 Nd7 44. Be3 Nf6 45. Qh1 Rd6 46. Bc5 Rd8
47. Qc6 Nh5 48. Rg1 Qf6 49. Qc7 Re8 50. Rd1 Nf4 51. Rd6 Qh4 52. Kb2 Ne6 53. Qc6
Qe7 54. Qd5 Kh8 55. Qh1+ Kg8 56. Qd5 e4 57. Bd4 Kf8 58. Rd7 Qg5 59. Bxg7+ Kg8
60. Be5 e3 61. Rg7+ Qxg7 62. Bxg7 Kxg7 63. Qe5+ Kf7 64. Qxe3 Re7 65. Qf3+ Kg7
66. Ka3 Rf7 67. Qg3+ Kf6 68. Qd6 1-0

[Event "London Classic Open 2016"]
[Site "London ENG"]
[Date "2016.12.13"]
[Round "6.30"]
[White "Thuesen, Mogens"]
[Black "Bellahcene, Bilel"]
[Result "0-1"]
[BlackTitle "IM"]
[WhiteElo "2212"]
[BlackElo "2496"]
[WhiteFideId "1400878"]
[BlackFideId "696358"]
[EventDate "2016.12.09"]

1. d4 e6 2. e4 d5 3. exd5 exd5 4. Nf3 Nc6 5. Bf4 Nge7 6. Bd3 Bg4 7. c3 Qd7 8. h3
Bh5 9. Nbd2 f6 10. Nb3 b6 11. a4 g5 12. Bh2 Bg6 13. a5 Bxd3 14. Qxd3 Kf7 15. O-O
h5 16. Rfe1 Ng6 17. c4 g4 18. Nfd2 Nb4 19. Qc3 gxh3 20. cxd5 Nxd5 21. Qxh3 Qxh3
22. gxh3 Rg8 23. Kf1 Bh6 24. axb6 axb6 25. Rxa8 Rxa8 26. Ne4 Bf4 27. Nc3 Nxc3
28. Bxf4 Nxf4 29. bxc3 Ra3 30. Nc1 Nxh3 31. Ne2 Ra2 32. Rc1 Ng5 33. c4 Ne4 34.
Nc3 Rxf2+ 35. Kg1 Rf4 36. Nd5 Rg4+ 37. Kh2 Nd2 38. Nxc7 Nf3+ 39. Kh1 Rxd4 40.
Rf1 Nd2 0-1

[Event "London Classic Open 2016"]
[Site "London ENG"]
[Date "2016.12.13"]
[Round "6.31"]
[White "Cherniaev, Alexander"]
[Black "Cumming, Rhys"]
[Result "1/2-1/2"]
[WhiteTitle "GM"]
[WhiteElo "2439"]
[BlackElo "2156"]
[WhiteFideId "4117301"]
[BlackFideId "470163"]
[EventDate "2016.12.09"]

1. g3 g6 2. Bg2 Bg7 3. c4 c5 4. Nc3 Nc6 5. d3 e6 6. Bxc6 bxc6 7. f4 Ne7 8. Nf3
O-O 9. e4 d6 10. e5 d5 11. O-O Nf5 12. b3 f6 13. Ne2 Qc7 14. g4 Nd4 15. Nexd4
cxd4 16. c5 Qa5 17. Bb2 fxe5 18. Nxe5 Bxe5 19. fxe5 Rxf1+ 20. Qxf1 Bd7 21. Bxd4
Qb4 22. Qf2 Rf8 23. a3 Qxb3 24. Qe3 Bc8 25. h3 Ba6 26. Rf1 Rxf1+ 27. Kxf1 Qxa3
28. Kf2 Qb3 29. Qg5 Qc2+ 30. Kg3 Qxd3+ 31. Be3 Qf1 32. Bf2 Qd3+ 33. Be3 Qf1 34.
Bf2 Qd3+ 35. Be3 1/2-1/2

[Event "London Classic Open 2016"]
[Site "London ENG"]
[Date "2016.12.13"]
[Round "6.32"]
[White "Moravec, Vit"]
[Black "Wells, Peter K"]
[Result "1/2-1/2"]
[BlackTitle "GM"]
[WhiteElo "2205"]
[BlackElo "2431"]
[WhiteFideId "331481"]
[BlackFideId "400327"]
[EventDate "2016.12.09"]

1. d4 Nf6 2. c4 e6 3. Nc3 Bb4 4. Qc2 O-O 5. Nf3 c5 6. dxc5 Na6 7. g3 Nxc5 8. Bg2
b6 9. O-O Bxc3 10. Qxc3 Bb7 11. Rd1 Rc8 12. Qa3 a5 13. Be3 Qe7 14. Rac1 h6 15.
Nd2 Bxg2 16. Kxg2 d6 17. Rc2 Qb7+ 18. Kg1 Rfd8 19. Nb3 Ng4 20. Nxc5 1/2-1/2

[Event "London Classic Open 2016"]
[Site "London ENG"]
[Date "2016.12.13"]
[Round "6.33"]
[White "Battaglini, Gabriel"]
[Black "Haribalu, V."]
[Result "1-0"]
[WhiteTitle "IM"]
[WhiteElo "2426"]
[BlackElo "2201"]
[WhiteFideId "621650"]
[BlackFideId "5015189"]
[EventDate "2016.12.09"]

1. d4 d5 2. c4 c6 3. Nc3 Nf6 4. Nf3 dxc4 5. e4 b5 6. e5 Nd5 7. a4 Bf5 8. Nh4
Nxc3 9. bxc3 Be6 10. Ba3 g6 11. Qb1 a6 12. Be2 Bh6 13. O-O Bd5 14. f4 e6 15. g3
Bf8 16. Bxf8 Kxf8 17. Bf3 Bxf3 18. Rxf3 Kg7 19. Ra2 Nd7 20. Raf2 f5 21. exf6+
Nxf6 22. Qe1 Re8 23. Re2 b4 24. Rfe3 bxc3 25. Nf3 Rb8 26. Rxc3 Rb3 27. Ree3 Qd5
28. Re5 Qd6 29. Kg2 Nd5 30. Rxc4 Qa3 31. Rxc6 Rxf3 32. Rxd5 exd5 33. Qxe8 Re3
34. Rc7+ Kh6 35. Qd8 Qa2+ 36. Kh3 Qe2 1-0

[Event "London Classic Open 2016"]
[Site "London ENG"]
[Date "2016.12.13"]
[Round "6.34"]
[White "Lyell, Mark"]
[Black "Pert, Richard G"]
[Result "1/2-1/2"]
[WhiteTitle "FM"]
[BlackTitle "IM"]
[WhiteElo "2203"]
[BlackElo "2423"]
[WhiteFideId "402354"]
[BlackFideId "404748"]
[EventDate "2016.12.09"]

1. e4 e6 2. d4 d5 3. Nc3 Nf6 4. e5 Nfd7 5. f4 c5 6. Nf3 Nc6 7. Be3 Be7 8. Qd2
O-O 9. Be2 b6 10. O-O f5 11. exf6 Nxf6 12. Kh1 Qc7 13. Bb5 Ng4 14. Ne2 Nxe3 15.
Qxe3 Nb4 16. Qd2 a6 17. c3 axb5 18. cxb4 cxb4 19. Ne5 Bd7 20. Nc1 Be8 21. Ncd3
Bd6 22. Nxb4 Qe7 23. Nbd3 b4 24. Rf2 Bb5 25. b3 Rac8 26. Rc1 g6 27. Qe3 Bxd3 28.
Nxd3 Qf6 29. Rxc8 Rxc8 30. Re2 Rc3 31. g3 Kf7 32. Kg2 Qf5 33. Ne5+ Kg7 34. Qf2
Bxe5 35. dxe5 Qd3 36. Rd2 Qe4+ 37. Kh3 Qf5+ 38. Kg2 Qe4+ 39. Kh3 Qf5+ 40. Kg2
Qe4+ 1/2-1/2

[Event "London Classic Open 2016"]
[Site "London ENG"]
[Date "2016.12.13"]
[Round "6.35"]
[White "Raghunandan, Kaumandur Srihari"]
[Black "Smith, Andrew Philip"]
[Result "1-0"]
[WhiteTitle "IM"]
[BlackTitle "FM"]
[WhiteElo "2423"]
[BlackElo "2136"]
[WhiteFideId "25004964"]
[BlackFideId "2500833"]
[EventDate "2016.12.09"]

1. d4 Nf6 2. Nf3 e6 3. c4 b6 4. g3 Ba6 5. Qc2 Bb4+ 6. Bd2 Bxd2+ 7. Nbxd2 c5 8.
e4 O-O 9. e5 Ne8 10. Bd3 f5 11. d5 g6 12. O-O Bb7 13. Rad1 exd5 14. cxd5 Bxd5
15. Bc4 Be6 16. Ne4 Qe7 17. Neg5 Kh8 18. Bxe6 dxe6 19. Qc4 Nc7 20. Rd6 Re8 21.
Qh4 Nd7 22. Qxh7+ Qxh7 23. Nxh7 Re7 24. Nhg5 Nf8 25. Rfd1 Rae8 26. a4 Kg7 27. h4
Rb8 28. Kf1 Ne8 29. Rc6 Rbb7 30. Rd8 Nc7 31. Ke2 Kg8 32. Kd2 Ne8 33. Kc2 Nc7 34.
Kc1 Rg7 35. Nxe6 Nxe6 36. Rxe6 Rbd7 37. Rc8 Rc7 38. Ra8 Rce7 39. Ng5 Rxe6 40.
Nxe6 Rf7 41. f4 a5 42. b3 1-0

[Event "London Classic Open 2016"]
[Site "London ENG"]
[Date "2016.12.13"]
[Round "6.36"]
[White "Jones, Steven A"]
[Black "Eggleston, David J"]
[Result "0-1"]
[BlackTitle "IM"]
[WhiteElo "2175"]
[BlackElo "2399"]
[WhiteFideId "419630"]
[BlackFideId "412120"]
[EventDate "2016.12.09"]

1. d4 Nf6 2. c4 e6 3. Nc3 Bb4 4. a3 Bxc3+ 5. bxc3 c5 6. e3 O-O 7. Bd3 b6 8. e4
Ne8 9. Qh5 Nf6 10. Qe2 Bb7 11. Bg5 h6 12. Bh4 g5 13. Bg3 d5 14. cxd5 exd5 15. e5
Ne4 16. Qh5 Kg7 17. f4 f5 18. Ne2 Ba6 19. Bxa6 Nxa6 20. fxg5 hxg5 21. e6 f4 22.
O-O Qe8 23. Qg4 Qg6 24. Be1 Rae8 25. g3 Rxe6 26. dxc5 Naxc5 27. Bf2 Nxf2 28.
Rxf2 Ref6 29. gxf4 gxf4 30. Qxg6+ Rxg6+ 31. Kh1 f3 32. Nd4 Ne4 33. Rc2 f2 34.
Rf1 Rh6 35. Kg2 Kh7 36. Ne2 Rg8+ 37. Ng3 Rhg6 38. Kh1 Rxg3 39. hxg3 Nxg3+ 40.
Kg2 Nxf1+ 41. Kxf1 Rf8 42. Re2 Kg6 43. Re7 Rf7 44. Re5 Rf3 45. Rxd5 Rxc3 46. a4
Ra3 47. Kxf2 Rxa4 48. Ke3 Kf6 49. Kd3 Ke6 50. Rd8 Ke7 51. Rd5 Rh4 52. Kc3 Rh6
53. Kb4 a6 54. Rd4 Rd6 55. Rh4 Kd7 56. Rg4 Kc6 57. Rc4+ Kb7 58. Rh4 a5+ 59. Kb3
b5 60. Rh3 Rg6 61. Rf3 Kb6 62. Rh3 a4+ 63. Kb2 Rg5 64. Rh2 b4 65. Kb1 Kb5 66.
Ka2 a3 67. Rh8 Rg2+ 68. Kb1 Re2 69. Rh5+ Ka4 70. Rh3 Re1+ 0-1

[Event "London Classic Open 2016"]
[Site "London ENG"]
[Date "2016.12.13"]
[Round "6.37"]
[White "Houska, Jovanka"]
[Black "Britton, Richard L"]
[Result "1/2-1/2"]
[WhiteTitle "IM"]
[BlackTitle "FM"]
[WhiteElo "2397"]
[BlackElo "2139"]
[WhiteFideId "405094"]
[BlackFideId "401692"]
[EventDate "2016.12.09"]

1. d4 Nf6 2. Nf3 g6 3. c4 Bg7 4. g3 O-O 5. Bg2 d6 6. O-O Nc6 7. Nc3 e5 8. d5 Nb8
9. e4 a5 10. Ne1 Na6 11. Nd3 Qe7 12. f3 Nd7 13. Be3 f5 14. Qd2 Nac5 15. Nxc5
Nxc5 16. Rae1 b6 17. f4 Nxe4 18. Nxe4 fxe4 19. h3 Bd7 20. Kh2 Rae8 21. Bxe4 exf4
22. Bxf4 Qf6 23. b3 Bxh3 24. Bxg6 Qxg6 25. Kxh3 h5 26. Rxe8 Qg4+ 27. Kg2 Rxe8
28. Re1 Rxe1 29. Qxe1 Kf7 30. Qe4 Qg6 31. Kf3 Qxe4+ 32. Kxe4 Kg6 33. Bd2 Be5 34.
Kf3 Kf5 35. Bh6 1/2-1/2

[Event "London Classic Open 2016"]
[Site "London ENG"]
[Date "2016.12.13"]
[Round "6.38"]
[White "Garcia Martinez, Marcos"]
[Black "Martins, David Pires Tavares"]
[Result "0-1"]
[BlackTitle "FM"]
[WhiteElo "2160"]
[BlackElo "2382"]
[WhiteFideId "22245073"]
[BlackFideId "1909991"]
[EventDate "2016.12.09"]

1. d4 d6 2. g3 g6 3. Bg2 Bg7 4. e4 Nf6 5. Nc3 O-O 6. Nge2 Nbd7 7. h3 c6 8. a4
Qc7 9. Be3 e5 10. O-O exd4 11. Bxd4 b6 12. g4 Bb7 13. Ng3 Rad8 14. f4 Ne8 15.
Qd2 d5 16. exd5 cxd5 17. Rad1 Nc5 18. Bxg7 Nxg7 19. Qf2 f5 20. Nxd5 Qf7 21. c4
Nxa4 22. Rfe1 Rde8 23. g5 Kh8 24. Rxe8 Nxe8 25. Re1 Bxd5 26. Bxd5 Qc7 27. b4 Ng7
28. Re5 a5 29. bxa5 bxa5 30. Qe1 Rc8 31. Kh1 Nb6 32. Re7 Qd6 33. Rxg7 Kxg7 34.
Qa1+ Kf8 35. Qh8+ Ke7 36. Qxh7+ Kd8 37. Nxf5 gxf5 38. g6 Nxd5 0-1

[Event "London Classic Open 2016"]
[Site "London ENG"]
[Date "2016.12.13"]
[Round "6.39"]
[White "Siva, Mahadevan"]
[Black "Van der Elburg, Freddie"]
[Result "1-0"]
[WhiteTitle "IM"]
[WhiteElo "2360"]
[BlackElo "2135"]
[WhiteFideId "25043153"]
[BlackFideId "1007904"]
[EventDate "2016.12.09"]

1. Nf3 c5 2. e4 e6 3. d4 cxd4 4. Nxd4 Bc5 5. Nc3 Qb6 6. Na4 Qa5+ 7. c3 Bxd4 8.
Qxd4 Nf6 9. Nc5 Nc6 10. Qe3 O-O 11. Be2 b6 12. Nb3 Qa4 13. f3 Ba6 14. O-O Bxe2
15. Qxe2 Ne5 16. Bg5 Qc4 17. Qf2 d5 18. Bxf6 gxf6 19. exd5 Qxd5 20. Rad1 Qb7 21.
f4 Ng6 22. f5 Ne5 23. Qh4 Qe7 24. Rde1 exf5 25. Nd4 Ng6 26. Qh6 Qc5 27. Rxf5 1-0

[Event "London Classic Open 2016"]
[Site "London ENG"]
[Date "2016.12.13"]
[Round "6.40"]
[White "Gross, Willi"]
[Black "Moen, Andreas"]
[Result "0-1"]
[BlackTitle "IM"]
[WhiteElo "2144"]
[BlackElo "2327"]
[WhiteFideId "1270470"]
[BlackFideId "1501453"]
[EventDate "2016.12.09"]

1. d4 Nf6 2. Nf3 d5 3. Bf4 c5 4. e3 Nc6 5. Nc3 Bg4 6. Be2 e6 7. Ne5 Bxe2 8. Nxe2
Nh5 9. Nxc6 bxc6 10. Be5 f6 11. Nf4 g6 12. Nxh5 fxe5 13. Ng3 exd4 14. exd4 Bg7
15. Ne2 cxd4 16. Nxd4 O-O 17. O-O Qd6 18. c3 e5 19. Nc2 Rab8 20. Ne3 Qc5 21. Qe2
e4 22. Rad1 Kh8 23. Rd2 Rb7 24. Rc2 a5 25. Rfc1 a4 26. h4 Rbf7 27. Qa6 Bh6 28.
Re1 Rxf2 29. Rxf2 Bxe3 30. Rxe3 Qxe3 31. Qf1 Kg7 32. Qe2 Qxf2+ 33. Qxf2 Rxf2 34.
Kxf2 Kf6 35. Ke3 Ke5 36. b4 axb3 37. axb3 c5 0-1

[Event "London Classic Open 2016"]
[Site "London ENG"]
[Date "2016.12.13"]
[Round "6.41"]
[White "Cox, John J"]
[Black "Ethelontis, Alexandros N"]
[Result "0-1"]
[WhiteTitle "IM"]
[WhiteElo "2320"]
[BlackElo "2133"]
[WhiteFideId "401064"]
[BlackFideId "405469"]
[EventDate "2016.12.09"]

1. c4 Nf6 2. g3 e5 3. Bg2 h6 4. Nc3 Bb4 5. Qb3 a5 6. e3 O-O 7. Nge2 Nc6 8. O-O
d6 9. Na4 Bg4 10. f3 Be6 11. Qc2 Qd7 12. d4 exd4 13. exd4 Bf5 14. Qd1 Rfe8 15.
Rf2 Nxd4 16. Nxd4 Re1+ 17. Qxe1 Bxe1 18. Rf1 Bb4 19. b3 Re8 20. Bb2 Bh3 21. Rad1
Bxg2 22. Kxg2 b6 23. Rf2 Nh7 24. h4 Nf8 25. g4 g6 26. a3 Be1 27. Re2 Bxh4 28.
Nc3 Ne6 29. Nxe6 Rxe6 30. Ne4 f5 31. gxf5 gxf5 32. Nc3 Qg7+ 0-1

[Event "London Classic Open 2016"]
[Site "London ENG"]
[Date "2016.12.13"]
[Round "6.42"]
[White "Franklin, Samuel G A"]
[Black "Compton, Alistair"]
[Result "1/2-1/2"]
[WhiteTitle "FM"]
[WhiteElo "2310"]
[BlackElo "2099"]
[WhiteFideId "468576"]
[BlackFideId "4300645"]
[EventDate "2016.12.09"]

1. e4 e6 2. d4 d5 3. Nc3 Nf6 4. Bg5 Bb4 5. e5 h6 6. Be3 Ne4 7. Qg4 g6 8. a3
Bxc3+ 9. bxc3 c5 10. Bd3 h5 11. Qf3 Nxc3 12. dxc5 Nc6 13. Qf4 d4 14. Bd2 g5 15.
Qxg5 Qxg5 16. Bxg5 Nxe5 17. Bf6 Nxd3+ 18. cxd3 Rg8 19. Bxd4 Na4 20. Ne2 Bd7 21.
O-O Bc6 22. f3 O-O-O 23. Kf2 Rd5 24. Rfd1 e5 25. Be3 Rgd8 26. Ng3 Nb2 27. Rd2
Nxd3+ 28. Kg1 Nxc5 29. Rxd5 Rxd5 30. Nxh5 Nb3 31. Rb1 Nd4 32. Nf6 Ra5 33. h4
Ne2+ 34. Kh2 Nc3 35. Rc1 Nd5 36. Nxd5 Rxd5 37. Bxa7 f5 38. Rc3 Kd7 39. Be3 f4
40. Bc5 Ke8 41. Bb4 Kf7 42. Rc1 Kg6 43. Re1 Kf5 44. Bc3 Rc5 45. Rc1 Rc4 46. Bb2
Rxc1 47. Bxc1 e4 48. fxe4+ Bxe4 49. Kg1 Kg4 50. Kf2 Kxh4 51. Bxf4 1/2-1/2

[Event "London Classic Open 2016"]
[Site "London ENG"]
[Date "2016.12.13"]
[Round "6.43"]
[White "Peiris, T G M"]
[Black "Zapolskis, Antanas"]
[Result "1-0"]
[BlackTitle "IM"]
[WhiteElo "2134"]
[BlackElo "2294"]
[WhiteFideId "9901310"]
[BlackFideId "12800210"]
[EventDate "2016.12.09"]

1. e4 c5 2. Nf3 e6 3. d4 cxd4 4. Nxd4 a6 5. Nc3 Qc7 6. g3 b5 7. Bg2 Bb7 8. O-O
d6 9. a4 b4 10. Na2 Nf6 11. Re1 e5 12. Nb3 Nc6 13. c3 bxc3 14. Nxc3 Nb4 15. Be3
Be7 16. a5 Bc6 17. Bb6 Qb7 18. Qd2 Nd7 19. Na4 Bxa4 20. Rxa4 Nc6 21. Rc1 O-O 22.
Rac4 Nxb6 23. axb6 Qxb6 24. Rxc6 Qxb3 25. R1c3 Qb8 26. Bf1 a5 27. Bc4 Qb4 28.
Bd5 Rab8 29. b3 h6 30. h4 Kh8 31. Qe2 Bd8 32. Qh5 Bb6 33. R6c4 Qa3 34. Rf3 Bc5
35. Kg2 f6 36. Ra4 Qb2 37. Rxa5 Qe2 38. Qf5 Rbc8 39. Bc4 Qd2 40. Ra6 Qc2 41. g4
Bb4 42. Ra7 Rxc4 43. bxc4 Qxc4 44. Qg6 Qg8 45. g5 Bd2 46. gxf6 gxf6 47. Qxg8+
Rxg8+ 48. Rg3 Rd8 49. Rd3 Rg8+ 50. Kf3 Bb4 51. Rb3 Bc5 52. Rf7 h5 53. Rbb7 Rg6
54. Rh7+ Kg8 55. Rxh5 Rg1 56. Rf5 Rh1 57. Kg3 Rg1+ 58. Kh3 Re1 59. f3 Rh1+ 60.
Kg3 Rg1+ 61. Kh2 Rg6 62. h5 Rh6 63. Kg3 Be3 64. Kh3 Bc5 65. Kg4 Be3 66. Rd7 Bc5
67. f4 exf4 68. Rxf4 Bd4 69. Rf3 Rh7 70. Rxh7 Kxh7 71. Kf5 Kh6 72. Ra3 Be5 73.
Ra7 Bd4 74. Rf7 Be5 75. Rxf6+ Kxh5 76. Re6 Bg3 77. Re8 Kh6 78. Ke6 Be5 79. Rd8
Kg5 80. Rxd6 Kf4 81. Rd5 Bc3 82. e5 1-0

[Event "London Classic Open 2016"]
[Site "London ENG"]
[Date "2016.12.13"]
[Round "6.44"]
[White "Paszewski, Mateusz"]
[Black "Sun, Xinyue"]
[Result "1/2-1/2"]
[WhiteElo "2281"]
[BlackElo "2082"]
[WhiteFideId "1141058"]
[BlackFideId "8600813"]
[EventDate "2016.12.09"]

1. e4 c5 2. Nf3 d6 3. Bb5+ Bd7 4. Bxd7+ Qxd7 5. c4 Nf6 6. Nc3 Nc6 7. d4 cxd4 8.
Nxd4 e6 9. O-O Be7 10. b3 O-O 11. Re1 a6 12. a4 Qc7 13. Be3 Rfd8 14. Rc1 Qa5 15.
f3 Nd7 16. Qd2 Nxd4 17. Bxd4 Bg5 18. Be3 Bxe3+ 19. Qxe3 Qb4 20. Rb1 Rac8 21.
Rec1 Qc5 22. Kf2 Ne5 23. Rd1 Kf8 24. Rd2 h6 25. h3 g5 26. Rbd1 Ke7 27. Ne2 Qxe3+
28. Kxe3 Nc6 29. Nd4 Nb4 30. Ne2 Nc6 31. Nc3 Na5 32. Rb1 Nc6 33. Rbd1 Na5 34.
Rb1 Nc6 35. Kf2 Ne5 36. Ke3 Ng6 37. Kf2 Ne5 38. Ke2 Ng6 39. Rbd1 Ne5 40. Rh1 Ng6
41. Ke3 1/2-1/2